Countries With Only One G - Statistics

General Stats
  • This quiz has been taken 92 times
  • The average score is 39 of 44
Answer Stats
Continent Country % Correct
Europe Germany
99%
North America Grenada
97%
Africa Guinea
97%
Europe Greece
96%
South America Paraguay
96%
South America Uruguay
96%
North America Guatemala
94%
Asia Afghanistan
93%
Africa Algeria
93%
South America Argentina
93%
Africa Gabon
93%
Africa Gambia
93%
Africa Guinea-Bissau
93%
Europe Bulgaria
91%
Africa Ghana
91%
Asia/Oceania Papua New Guinea
91%
Europe Belgium
90%
South America Guyana
90%
Europe Portugal
90%
Oceania Tonga
90%
North America Antigua and Barbuda
88%
Africa Democratic Republic of the Congo
88%
Europe Hungary
88%
Africa Republic of the Congo
88%
Africa Uganda
88%
Europe United Kingdom
88%
Africa Angola
87%
Africa Equatorial Guinea
85%
Europe Luxembourg
85%
Africa Niger
85%
Africa Nigeria
85%
Asia Bangladesh
84%
Africa Madagascar
84%
Africa Senegal
84%
Europe Bosnia and Herzegovina
82%
Africa Egypt
82%
Asia Mongolia
82%
Europe Montenegro
81%
North America Saint Vincent and the Grenadines
81%
North America Nicaragua
79%
Africa Togo
79%
North America Trinidad and Tobago
79%
Asia Kyrgyzstan
78%
Asia Singapore
74%
No matching quizzes found
Score Distribution
Percent of People with Each Score
Percentile by Number Answered
Your Score History
You have not taken this quiz